000 00406nam a22001457a 4500
999 _c1035
_d1035
008 200107b ||||| |||| 00| 0 eng d
082 0 0 _a621.4
_bC1471
100 _9614
_aCaldwell, Peter S.
245 1 0 _aGas and oil engines, running and maintenance
_cby Peter S Caldwell
260 _aLondon
_bConstable & Company Ltd.
_c1925
300 _ax,125p
365 _d2.03
650 0 _aDiesel Engines
942 _cBK